<?xml version="1.0" encoding="UTF-8"?>
<marc:record xmlns:marc="http://www.loc.gov/MARC21/slim">
   <marc:leader>00000nam a2200000 a 4500</marc:leader>
   <marc:datafield ind1="1" ind2=" " tag="100">
      <marc:subfield code="a">Disney, Walt</marc:subfield>
      <marc:subfield code="4">aut</marc:subfield>
      <marc:subfield code="e">Verfasser/-in</marc:subfield>
   </marc:datafield>
   <marc:datafield ind1=" " ind2=" " tag="653">
      <marc:subfield code="a">Donald Duck</marc:subfield>
   </marc:datafield>
   <marc:datafield ind1=" " ind2=" " tag="653">
      <marc:subfield code="a">Comic</marc:subfield>
   </marc:datafield>
   <marc:datafield ind1=" " ind2=" " tag="653">
      <marc:subfield code="a">Entenhausen</marc:subfield>
   </marc:datafield>
   <marc:datafield ind1="0" ind2="0" tag="245">
      <marc:subfield code="a">Donalds Geheimnis</marc:subfield>
   </marc:datafield>
   <marc:datafield ind1="0" ind2="0" tag="245">
      <marc:subfield code="c">Walt Disney</marc:subfield>
   </marc:datafield>
   <marc:datafield ind1=" " ind2="1" tag="264">
      <marc:subfield code="a">Berlin</marc:subfield>
      <marc:subfield code="b">Egmont Ehapa Verlag GmbH</marc:subfield>
      <marc:subfield code="c">2023</marc:subfield>
   </marc:datafield>
   <marc:datafield ind1="1" ind2=" " tag="490">
      <marc:subfield code="a">Lustiges Taschenbuch</marc:subfield>
      <marc:subfield code="v">570</marc:subfield>
   </marc:datafield>
   <marc:datafield ind1=" " ind2=" " tag="250">
      <marc:subfield code="a">1. Auflage</marc:subfield>
   </marc:datafield>
   <marc:datafield ind1="1" ind2=" " tag="520">
      <marc:subfield code="a">Donalds Geheimnis kennt natürlich jeder Entenhausen-Experte: Er ist insgeheim und meist nachts der maskierte Rächer Phantomias! An der Gumpe selbst ist das zum Glück fast niemandem bewusst. Nur Daniel Düsentrieb, Erfindergenie und Ausrüster des Helden, bekommt da gelegentlich kurze Einblicke. Und würde er das dank Vergall-Pillen nicht immer wieder alles vergessen, wäre ihm auch blitzartig klar, was Phantomias vom eigenen fiesen Alter-Ego unterscheidet. Zum einen ist der Düsterling Destruktor ein Schurke und kein Heros. Zum anderen hat sich Düsentriebs böses Ich bekanntlich seinerzeit in eine eigene Person und Persönlichkeit abgespalten, während Donald durch Maske und Umhang zum Helden wird. Was Held wie heldenhaften Helfer nun gleichermaßen beunruhigt: Verbrechergenie Destruktor ist aus dem Gefängnis entfleucht! Und er will sich nicht nur rächen, er will Phantomias enttarnen, bloßstellen, vernichten! (Verlagsbeschreibung)</marc:subfield>
   </marc:datafield>
   <marc:datafield ind1=" " ind2=" " tag="020">
      <marc:subfield code="a">4193378007996</marc:subfield>
      <marc:subfield code="9">4193378007996</marc:subfield>
   </marc:datafield>
   <marc:datafield ind1="0" ind2=" " tag="490">
      <marc:subfield code="v">0</marc:subfield>
   </marc:datafield>
   <marc:datafield ind1=" " ind2=" " tag="300">
      <marc:subfield code="a">256 Seiten</marc:subfield>
   </marc:datafield>
</marc:record>
